000
00246nam a2200097Ia 4500
008
120527s9999 xx 000 0 und d
100
_a
AYENI,R.O
245
_a
Introductory to University Mathematics vol 2.
260
_b
Dept of Maths.
942
_c
BK
999
_c
23478
_d
23478